Statistics for Phineas and Ferb Quiz

Click here to take the quiz!

General Stats

  • This quiz has been taken 8 times
  • The average score is 14 of 26

Answer Stats

HintAnswer% Correct
The triangle-headed kidPhineas
100%
Vanessa's boyfriend (currently)Ferb
86%
Phineas's PetPerry
86%
Smart, nerdy kidBaljeet
71%
Kid who bullies BaljeetBuford
71%
She crushes on PhineasIsabella
71%
Phineas's MomLinda
71%
The first episodeRollercoaster
71%
One of Candace's FriendsStacy / Jenny
71%
OWCA InternCarl
57%
Ferb's DadLawrence
57%
Tri-State Area's BandLove Handel
57%
OWCA Intern's BossMajor Monogram
57%
Major Monogram's CompanyOWCA
57%
Isabella's petPinky
57%
Episode starring the above bandDude, We're Getting The Band Back Together!
43%
Usually said after "I know what we're going to do today!"Hey, Where's Perry?
43%
The last episodeLast Day Of Summer
43%
Isabella's Troop Number46231
29%
Irving's brotherAlbert
29%
Buford's goldfishBiff
29%
Meap's EnemyMitch
29%
Vanessa's boyfriend (previously)Monty
29%
Candace's Catchphrase: "You're _____!"You're Busted
29%
Fireside Girl: H____Holly
14%
Baljeet's last nameTjinder
14%

Score Distribution

Percentile by Number Answered

Percent of People with Each Score

Your Score History

You have not taken this quiz